| 000 | 01338nam a2200385 c 4500 | ||
|---|---|---|---|
| 001 | 46837 | ||
| 003 | ES-MaCES | ||
| 005 | 20190103040057.0 | ||
| 008 | 151218s2015 sp 000 ||spa d | ||
| 017 |
_aV 2599-2015 _bDL |
||
| 020 | _a9788490867938 | ||
| 040 |
_aES-MaCES _bspa _cES-MaCES |
||
| 100 | 1 |
_919531 _aNavarro Nieto, Federico |
|
| 245 | 1 | 4 |
_aLos derechos de participación de los trabajadores en el nuevo escenario del Derecho del trabajo en España _cFederico Navarro Nieto |
| 260 |
_aValencia _bTirant lo Blanch _c2015 |
||
| 300 |
_a142 p. _c21 cm |
||
| 490 | 1 |
_aColección Laboral (Tirant lo Blanch (Firma)) _v234 |
|
| 504 | _aBibliografía: p. 136-142 | ||
| 541 | _cCompra | ||
| 650 | 4 |
_aderechos de los trabajadores _929924 |
|
| 650 | 4 |
_aparticipación de los trabajadores _928378 |
|
| 650 | 4 |
_adivulgación de la información _929540 |
|
| 650 | 4 |
_aconsulta mixta _928366 |
|
| 650 | 4 |
_arelaciones laborales _928369 |
|
| 650 | 4 |
_aderecho comunitario _929866 |
|
| 650 | 4 |
_aUE _926752 |
|
| 650 | 4 |
_aarmonización _929884 |
|
| 650 | 4 |
_aderecho del trabajo _927165 |
|
| 650 | 4 |
_aEspaña _926964 |
|
| 650 | 4 |
_arégimen jurídico _929894 |
|
| 653 | 1 | 0 | _aDerecho del trabajo y Seguridad Social |
| 830 | 0 |
_aLaboral (Tirant lo Blanch (Firma)) _v234 _932672 |
|
| 902 | _aLIB Libro | ||
| 942 |
_2CES _cBK _h6.0.1. |
||
| 999 |
_c46837 _d46837 |
||